Nivel de desempeño de los maestros en la aplicación de métodos y técnicas en la enseñanza del área de ciencias de la naturaleza en el liceo Francisco Henríquez y Carvajal (Matutino) distrito educativo 16-01 de Cotuí, zona urbana, año esolar 2002-2003 / Ramona Mercedes Alvarez Then, Genara Báez Aquino, Leonor Custodio Sánchez. ; asesor Mercedes Soriano (Registro nro. 4549)

Detalles MARC
000 -LEADER
fixed length control field 01080nam a22002171a 4500
001 - CONTROL NUMBER
control field 4549
003 - CONTROL NUMBER IDENTIFIER
control field OSt
005 - DATE AND TIME OF LATEST TRANSACTION
control field 20260204211937.0
008 - FIXED-LENGTH DATA ELEMENTS--GENERAL INFORMATION
fixed length control field 050825s2003||||dr ||||||b||||||||||spa||
090 ## - LOCALLY ASSIGNED LC-TYPE CALL NUMBER (OCLC); LOCAL CALL NUMBER (RLIN)
Classification number (OCLC) (R) ; Classification number, CALL (RLIN) (NR) EDU-BQ 2003 A59
100 1# - ASIENTO PRINCIPAL -- NOMBRE PERSONAL
Personal name Alvarez Then, Ramona Mercedes
Relator term sustentante
245 ## - TÍTULO PROPIAMENTE DICHO: SUBTÍTULO
Title Nivel de desempeño de los maestros en la aplicación de métodos y técnicas en la enseñanza del área de ciencias de la naturaleza en el liceo Francisco Henríquez y Carvajal (Matutino) distrito educativo 16-01 de Cotuí, zona urbana, año esolar 2002-2003 / Ramona Mercedes Alvarez Then, Genara Báez Aquino, Leonor Custodio Sánchez. ; asesor Mercedes Soriano
264 ## - PRODUCTION, PUBLICATION, DISTRIBUTION, MANUFACTURE, AND COPYRIGHT NOTICE
Place of production, publication, distribution, manufacture Santo Domingo : El Autor
502 ## - THESIS NOTE
Dissertation note Tesis (Educación, Mención Biología y Química)
650 #4 - ASIENTO SECUNDARIO DE MATERIA -- TERMINO TOPICO
Asiento secundario de materia Desempeño de los maestros en la aplicación
700 1# - ASIENTO SECUNDARIO -- NOMBRE PERSONAL
Personal name Báez Aquino, Genara
Relator term sustentante
700 1# - ASIENTO SECUNDARIO -- NOMBRE PERSONAL
Personal name Custodio Sánchez, Leonor
Relator term sustentante
700 1# - ASIENTO SECUNDARIO -- NOMBRE PERSONAL
Personal name Soriano, Mercedes
Relator term asesor
942 ## - ADDED ENTRY ELEMENTS (KOHA)
Source of classification or shelving scheme Clasificación Local
Koha item type Tesis
Existencias
Withdrawn status Lost status Source of classification or shelving scheme Damaged status Not for loan Collection code Home library Current library Shelving location Date acquired Inventory number Total Checkouts Full call number Barcode Date last seen Copy number Price effective from Koha item type
    Clasificación Local   Préstamo Interno Trabajos de Grado e Investigación   Biblioteca UTECO En Estantería 09/09/2019 ET-2003-036   EDU-BQ 2003 A59 ET-2003-036 09/09/2019 Ej.1 09/09/2019 Tesis
© 2021 Derechos Reservados UTECO - Teléfono: +1 809-585-2291 - Correo electrónico: biblioteca@uteco.edu.do​  
Código postal 43000 ​​
Dirección: Avenida Universitaria No. 100, 
Cotuí, Provincia Sánchez Ramírez, República Dominicana - RNC: 404-00059-6